| 000 | 00000nam 2200000zi 4500 |
| 001 | 9.907156 |
| 003 | CaOODSP |
| 005 | 20250218133637 |
| 006 | m o d f |
| 007 | cr mn||||||||| |
| 008 | 220120e202108 onca ob f000 0 eng d |
| 040 | |aCaOODSP|beng|erda|cCaOODSP |
| 043 | |an-cn--- |
| 045 | |ay2y2 |
| 086 | 1 |aD2-601/2021E-PDF |
| 245 | 00|aAudit of the Defence Team response to COVID-19. |
| 264 | 1|a[Ottawa] : |bNational Defence = Défense nationale, |cAugust 2021. |
| 300 | |a1 online resource (61 pages) : |billustrations (chiefly colour) |
| 336 | |atext|btxt|2rdacontent |
| 337 | |acomputer|bc|2rdamedia |
| 338 | |aonline resource|bcr|2rdacarrier |
| 500 | |aIssued also in French under title: Audit de la réponse de l'équipe de la défense à la COVID-19. |
| 500 | |a"Reviewed by ADM(RS) in accordance with the Access to Information Act. Information UNCLASSIFIED." |
| 500 | |a"August 2021 - 1259-3-0058 ADW(RS)." |
| 500 | |aIssued also in HTML format. |
| 504 | |aIncludes bibliographical references. |
| 610 | 10|aCanada. |bDepartment of National Defence|xAuditing. |
| 610 | 10|aCanada. |bCanadian Armed Forces|xAuditing. |
| 650 | 0|aCOVID-19 (Disease)|zCanada. |
| 650 | 0|aCOVID-19 Pandemic, 2020-2023|zCanada. |
| 710 | 1 |aCanada. |bDepartment of National Defence. |bAssistant Deputy Minister (Review Services), |eissuing body. |
| 775 | 08|tAudit de la réponse de l'équipe de la défense à la COVID-19.|w(CaOODSP)9.907309 |
| 856 | 40|qPDF|s2.23 MB|uhttps://publications.gc.ca/collections/collection_2022/mdn-dnd/D2-601-2021-eng.pdf |
| 856 | 4 |qHTML|sN/A|uhttps://www.canada.ca/en/department-national-defence/corporate/reports-publications/audit-evaluation/audit-defence-team-response-covid-19.html |